| 000 | 00770 a2200205 4500 | ||
|---|---|---|---|
| 003 | NUST | ||
| 005 | 20230526181717.0 | ||
| 010 | _a 79005444 | ||
| 020 | _a083061169X (pbk.) : | ||
| 020 | _a0830697241 : | ||
| 040 | _cNust | ||
| 082 | 0 | 0 | _a004.22,GIA |
| 245 | 0 | 4 |
_aThe GIANT handbook of computer projects / _cby the editors of 73 magazine. |
| 250 | _a1st ed. | ||
| 260 |
_aBlue Ridge Summit, Pa. : _bTAB Books, _c[1979] |
||
| 300 |
_a503 p. ; _bill. ; _c22 cm. |
||
| 505 | _aComputer capabilities (Page-11), Microprocessor (Page-109), Memory (Page-197), Computer I/O (Page-251), Computer and the Ham shak (Page-291), Computer Games (Page-327), Misc Computer Projects (Page-367). | ||
| 650 | 0 |
_aComputers _xAmateurs' manuals. _9112722 |
|
| 942 |
_cBK _2ddc _k004.22,GIA |
||
| 999 |
_c174754 _d174754 |
||